Equilibrium properties of fluid mixtures : a bibliography of data on fluids of cryogenic interest /
Guardado en:
| Autor Principal: | |
|---|---|
| Otros Autores: | , |
| Formato: | Libro |
| Idioma: | English |
| Publicado: |
New York :
IFI/Plenum,
c1975.
|
| Series: | NSRDS bibliographic series
|
| Materias: | |
| Etiquetas: |
Agregar Etiqueta
Sin Etiquetas, Sea el primero en etiquetar este registro!
|
| LEADER | 00992cam a22002655a 4500 | ||
|---|---|---|---|
| 001 | EIQ.libpla001693 | ||
| 008 | 750610s1975####nyu######b####000#0#eng#d | ||
| 005 | 20061211153446.0 | ||
| 245 | 1 | 0 | |a Equilibrium properties of fluid mixtures : |b a bibliography of data on fluids of cryogenic interest / |c by M. J. Hiza, A. J. Kidnay, and R. C. Miller. |
| 260 | |a New York : |b IFI/Plenum, |c c1975. | ||
| 300 | |a vi, 160 p. ; |c 29 cm. | ||
| 440 | 0 | |a NSRDS bibliographic series | |
| 500 | |a Continuado por: Equilibrium properties of fluid mixtures 2. c1982. | ||
| 020 | |a 0306660016 | ||
| 100 | 1 | |a Hiza, M. J. | |
| 700 | 1 | |a Kidnay, A. J. | |
| 700 | 1 | |a Miller, R. C. |q (Reid C.). | |
| 082 | 0 | 0 | |a 016.541/363 |
| 650 | 4 | |a Equilibrio liquido-liquido |x Bibliografía. | |
| 650 | 4 | |a Mezclas |x Bibliografía. | |
| 650 | 0 | |a Mixtures |x Bibliography. | |
| 650 | 0 | |a Liquid-liquid equilibrium |x Bibliography. | |
| 010 | |a 75019000 | ||
| 040 | |a DLC |c DLC |d AR-BbSID | ||
| 859 | |a AR-BbSID |b BIB. PLAPIQUI |h 541.363 |i H 52 |k R |p 1830 | ||
